| 000 | 00894nam a22003017a 4500 | ||
|---|---|---|---|
| 001 | 0049180 | ||
| 003 | KOHA_MİRAKIL | ||
| 005 | 20260207003642.0 | ||
| 007 | ta | ||
| 008 | 150629b2013 tu |||gr||||#||||0|tur | | ||
| 020 | _a9789752678422 | ||
| 040 |
_aTR-BiSEU _btur _cTR-BiSEU _erda |
||
| 041 | 0 | _atur | |
| 044 | _ctu | ||
| 050 |
_aBL2370.T84 _bK35 2013 |
||
| 100 | 1 | _aKalafat, Yaşar. | |
| 245 | 1 |
_aBatı Türklüğü ve halk inanmalarının mitolojik kök hücreleri / _cYaşar Kalafat ; Yaşar Kalafat; Editör MustafaAksoy. |
|
| 264 | 1 |
_aAnkara : _bBerikan _c2013 |
|
| 300 | _aciltli; 23 cm. | ||
| 336 |
_ametin _btxt _2rdacontent |
||
| 337 |
_aaracısız _bn _2rdamedia |
||
| 338 |
_acilt _bnc _2rdacarrier |
||
| 500 | _aDizin var. | ||
| 500 | _aKaynakça var. | ||
| 650 | 0 |
_aTurkic peoples --Religion. _990361 |
|
| 650 | 0 |
_aMythology, Turkish _924439 |
|
| 942 |
_2lcc _cBK |
||
| 999 |
_c49018 _d49018 |
||